000 00485nam a2200193Ia 4500
005 20140403141229.0
008 140130s9999 xx 000 0 und d
020 _a0590516396
050 _aPZ 7
_b.K1424Iaaj 1998
100 _aKarlin, Nurit.
_931155
245 _cNurit Karlin.
_aI see, you saw /
260 _bScholastic,
_c1998.
_aUSA :
300 _a24 p. :
_bill. col. ;
_c18 cm.
440 _v1
_931156
521 _aBR
526 _cBR
942 _cBK
_2lcc
999 _c41512
_d41512